Турбогенераторы. Аварии и инциденты: техническое пособие

Dades bibliogràfiques
Autor principal: Самородов Ю. Н. Юрий Николаевич
Sumari:Приведены результаты статистического и технического анализов технологических нарушений в работе турбогенераторов за период 2001— 2005 гг. Рассмотрены причины и последствия нарушений в работе статоров, роторов, уплотнений вала и подшипников, оборудования систем возбуждения, щеточно-контактного аппарата, газо- и воздухоохладителей, возбудителей, прочих узлов и систем. Предложены мероприятия по предупреждению причин технологических нарушений. Даны результаты исследований, выполненных автором, причин некоторых нарушений. Описано 576 технологических нарушений, большинство из которых сопровождаются фотографиями.
Idioma:rus
Publicat: Москва, ЭЛЕКС-КМ, 2008
Matèries:
Format: MixedMaterials Llibre
KOHA link:https://koha.lib.tpu.ru/cgi-bin/koha/opac-detail.pl?biblionumber=163653

MARC

LEADER 00000nam0a2200000 4500
001 163653
005 20231101222419.0
010 |a 9785938150492 
035 |a (RuTPU)RU\TPU\book\177558 
090 |a 163653 
100 |a 20090820d2008 k y0rusy50 ca 
101 0 |a rus 
102 |a RU 
105 |a a z 001zy 
200 1 |a Турбогенераторы. Аварии и инциденты  |e техническое пособие  |f Ю. Н. Самородов 
210 |a Москва  |c ЭЛЕКС-КМ  |d 2008 
215 |a 470 с.  |c ил. 
320 |a Библиогр.: с. 451-452. 
330 |a Приведены результаты статистического и технического анализов технологических нарушений в работе турбогенераторов за период 2001— 2005 гг. Рассмотрены причины и последствия нарушений в работе статоров, роторов, уплотнений вала и подшипников, оборудования систем возбуждения, щеточно-контактного аппарата, газо- и воздухоохладителей, возбудителей, прочих узлов и систем. Предложены мероприятия по предупреждению причин технологических нарушений. Даны результаты исследований, выполненных автором, причин некоторых нарушений. Описано 576 технологических нарушений, большинство из которых сопровождаются фотографиями. 
606 1 |a Турбогенераторы  |2 stltpush  |3 (RuTPU)RU\TPU\subj\62069  |9 79220 
610 1 |a электростанции 
610 1 |a энергосистемы 
610 1 |a технологические нарушения 
610 1 |a статистический анализ 
610 1 |a технический анализ 
610 1 |a электроэнергетика 
610 1 |a типовые рекомендации 
610 1 |a технические пособия 
610 1 |a техника безопасности 
610 1 |a нештатные ситуации 
675 |a 621.313.322-81(07)  |v 3 
700 1 |a Самородов  |b Ю. Н.  |g Юрий Николаевич 
801 1 |a RU  |b 63413507  |c 20090820 
801 2 |a RU  |b 63413507  |c 20150615  |g RCR 
942 |c BK 
959 |a 79/20090629  |d 2  |e 7000,00  |f АНЛ:1  |f ЧЗТЛ:1